000 00515nam a22001937a 4500
003 KOHA_MİRAKIL
005 20260325093710.0
008 260325b tu ||||| |||| 00| 0 tur d
020 _a9786254182198
040 _aTR-AnABB
_btur
_cTR-AnABB
041 _atur
082 _a320
_bPEH 2023
100 1 _aPehlivan, Barış
245 1 0 _aSS /
_cBarış Pehlivan
260 _aİstanbul :
_bKırmızı Kedi Yayınevi,
_c2023
300 _a256 sayfa :
_c20 cm
650 0 4 _aSiyaset
942 _2ddc
_cBK
999 _c10024
_d10024
900 _bCem ÖZOGLU